[Event "13th ECC w"]
[Site "Kallithea GRE"]
[Date "2008.10.22"]
[Round "6"]
[White "Cherenkova,K"]
[Black "Igla,B"]
[Result "1/2-1/2"]
[WhiteElo "2245"]
[BlackElo "2254"]

1.e4 c5 2.Nf3 d6 3.Bb5+ Bd7 4.Bxd7+ Qxd7 5.O-O Nf6 6.Re1 e6 7.b3 Be7 8.Bb2 Nc6
9.d4 cxd4 10.Nxd4 O-O 11.c4 Nxd4 12.Qxd4 Bd8 13.Nc3 Bb6 14.Qd1 e5 15.Nd5 Nxd5
16.Qxd5 Qc6 17.Rad1 Bc5 18.Bc1 a5 19.a3 Qxd5 20.Rxd5 f5 21.exf5 Rxf5 22.Be3 Bxa3
23.Ra1 Bb4 24.Rb5 Rff8 25.Rxb7 Rfb8 26.Rxb8+ Rxb8 27.Kf1 Kf7 28.Ke2 Ke6 29.Kd3 d5
30.cxd5+ Kxd5 31.Bd2 Bxd2 32.Kxd2 Rxb3 33.Rxa5+ Ke4 34.Ra4+ Kf5 35.Ra7  1/2-1/2

[Event "24th ECC"]
[Site "Kallithea GRE"]
[Date "2008.10.22"]
[Round "6"]
[White "Bogut,Z"]
[Black "Cheparinov,I"]
[Result "0-1"]
[WhiteElo "2464"]
[BlackElo "2696"]

1.e4 c5 2.Nf3 d6 3.Bb5+ Nc6 4.d4 cxd4 5.Qxd4 Bd7 6.Bxc6 Bxc6 7.Nc3 Nf6 8.Bg5 e6
9.O-O-O Be7 10.Rhe1 O-O 11.Kb1 Qa5 12.Qd2 Qc7 13.Nd4 Rfd8 14.f4 Rac8 15.f5 e5
16.Bxf6 Bxf6 17.Nf3 Qb6 18.b3 Qc5 19.Re2 Rd7 20.Nd5 Bd8 21.Qe1 a5 22.c4 a4
23.Rc2 axb3 24.axb3 b5 25.b4 Qa7 26.cxb5 Bb7 27.Rxc8 Bxc8 28.Qc3 Bb7 29.Qc4 h6
30.Qa2 Bxd5 31.Qxd5 Qa4 32.Nxe5 Bf6 33.Nc4 Qa1+ 34.Kc2 Qc3+ 35.Kb1 Ra7  0-1

[Event "WYCC Boys U16"]
[Site "Vung Tau City VIE"]
[Date "2008.10.22"]
[Round "4"]
[White "Karayev,A"]
[Black "Bregadze,L"]
[Result "0-1"]
[WhiteElo "2283"]
[BlackElo "2387"]

1.e4 c5 2.Nf3 d6 3.Bb5+ Nd7 4.c3 a6 5.Ba4 Nf6 6.Bc2 e6 7.O-O b5 8.a4 Bb7
9.Qe2 Be7 10.d4 O-O 11.Re1 cxd4 12.cxd4 Qc7 13.Bg5 b4 14.Bd3 Rfc8 15.Nbd2 Nf8
16.Nb3 Qd8 17.Rac1 a5 18.Rxc8 Bxc8 19.Nbd2 Bb7 20.Rc1 Ng6 21.Ne1 e5 22.d5 Nxd5
23.Bxe7 Ndxe7 24.g3 Nf8 25.Bc4 Nd7 26.Nef3 h6 27.Rd1 Qc7 28.Nh4 Nc5 29.Rc1 Qd7
30.Qh5 Rf8 31.Re1 Nxa4 32.b3 Nb6 33.Be2 Qc7 34.g4 d5 35.g5 hxg5 36.Nhf3 f6
37.exd5 Bxd5 38.Bd3 g6 39.Bxg6 Nxg6 40.Qxg6+ Qg7 41.Qf5 Rd8 42.Nf1  0-1

[Event "WYCC Boys U14"]
[Site "Vung Tau City VIE"]
[Date "2008.10.22"]
[Round "4"]
[White "Shen,D"]
[Black "Lagarde,Max"]
[Result "1/2-1/2"]
[WhiteElo "2044"]
[BlackElo "2332"]

1.e4 c5 2.Nf3 d6 3.Bb5+ Bd7 4.Bxd7+ Qxd7 5.c4 Nc6 6.Nc3 Nf6 7.d4 cxd4 8.Nxd4 g6
9.Nde2 Bg7 10.f3 O-O 11.O-O Rac8 12.a4 Rfd8 13.Bg5 Qe8 14.Rb1 h6 15.Bh4 g5
16.Bf2 e6 17.Qd2 a6 18.b3 Nd7 19.h4 gxh4 20.Bxh4 Nf6 21.f4 Rd7 22.Rf3 Qd8
23.Qe1 Qb6+ 24.Kh1 Kf8 25.f5 Ne5 26.fxe6 fxe6 27.Rxf6+ Bxf6 28.Bxf6 Ng4 29.Qh4 Qf2
30.Ng3 Qxf6 31.Qxg4 Qxc3 32.Qxe6 Rcc7 33.Rf1+ Rf7 34.Rxf7+ Rxf7 35.Qxd6+ Kg8
36.Nf5 Qc1+ 37.Kh2 Qg5 38.Nxh6+ Kg7 39.Nxf7 Qh4+  1/2-1/2

[Event "WYCC Boys U14"]
[Site "Vung Tau City VIE"]
[Date "2008.10.22"]
[Round "4"]
[White "Lin Chieh Sheng,J"]
[Black "Ismailov,M"]
[Result "1-0"]
[WhiteElo "1686"]
[BlackElo "2040"]

1.e4 c5 2.Nf3 d6 3.Bb5+ Bd7 4.Bxd7+ Qxd7 5.O-O Nf6 6.Re1 Nc6 7.c4 g6 8.d4 cxd4
9.Nxd4 Bg7 10.Nxc6 Qxc6 11.Qe2 Rc8 12.Na3 O-O 13.Rb1 a6 14.b3 Qc7 15.Qd2 h5
16.Bb2 Ng4 17.Bxg7 Kxg7 18.Qb2+ Kg8 19.Rbd1 f5 20.h3 Ne5 21.Qd4 f4 22.Qd5+ Kh8
23.Nc2 Rf6 24.Nb4 Qb6 25.Qd2 Qa5 26.Nd3 Qxd2 27.Rxd2 Nxd3 28.Rxd3 Rcf8 29.f3 Re6
30.Kf2 Kg7 31.Rd5 Kf6 32.Red1 Rc8 33.g3 fxg3+ 34.Kxg3 g5 35.Rf5+ Kg6 36.Rdd5 Kh6
37.Rxg5 Rg6 38.Rxg6+ Kxg6 39.f4 Rf8 40.Rg5+ Kh6 41.h4 Rc8 42.f5 b5 43.Rg6+ Kh7
44.cxb5 axb5 45.Re6 Rc2 46.Rxe7+ Kg8 47.Rb7 Rxa2 48.Rxb5 Rd2 49.Rd5 Rb2 50.Rxd6 Rxb3+
51.Kf4 Rh3 52.Kg5 Re3 53.Re6 Re1 54.Kxh5 Kf7 55.e5 Rf1 56.Rf6+ Kg7 57.Rg6+ Kh8
58.f6 Kh7 59.Rg7+ Kh8 60.Rg5 Kh7 61.Kg4 Kh6 62.Rf5 Rg1+ 63.Kf4 Rh1 64.f7  1-0

[Event "24th ECC"]
[Site "Kallithea GRE"]
[Date "2008.10.23"]
[Round "7"]
[White "Maier,C"]
[Black "Kogan,Ar"]
[Result "0-1"]
[WhiteElo "2328"]
[BlackElo "2561"]

1.e4 c5 2.Nf3 d6 3.Bb5+ Nd7 4.c3 Nf6 5.d3 a6 6.Ba4 b5 7.Bc2 Bb7 8.Nbd2 Rc8
9.O-O Qc7 10.Re1 g6 11.Bb3 Bg7 12.a4 O-O 13.axb5 axb5 14.d4 e5 15.d5 c4 16.Bc2 Nc5
17.Nf1 Qb6 18.Rb1 Ra8 19.h3 Ra2 20.Be3 Qc7 21.Ng3 Nfd7 22.h4 Nb6 23.h5 Nba4
24.Qc1 Nd3 25.Bxd3 cxd3 26.Bh6 f6 27.Bxg7 Qxg7 28.Nh4 Bc8 29.Re3 Qh6 30.c4 Qf4
31.Nf3 b4 32.Ne1 Nc5 33.Qd2 f5 34.Nxd3 Nxd3 35.Qxd3 Qxf2+ 36.Kxf2 fxe4+ 37.Rf3 exd3
38.hxg6 hxg6 39.Rxf8+ Kxf8 40.Ke3 Ba6 41.Kxd3 Ra5 42.b3 Rxd5+ 43.Ke3 Ra5
44.Ne4 Ke7 45.Rd1 Ra3 46.Nxd6 Rxb3+ 47.Ke4 Ke6 48.c5 Rc3 49.Rd5 b3  0-1

[Event "24th ECC"]
[Site "Kallithea GRE"]
[Date "2008.10.23"]
[Round "7"]
[White "Skytte,R"]
[Black "Brkic,A"]
[Result "1/2-1/2"]
[WhiteElo "2392"]
[BlackElo "2558"]

1.e4 c5 2.Nf3 d6 3.Bb5+ Nc6 4.O-O Bd7 5.Re1 Nf6 6.h3 a6 7.Bf1 e5 8.c3 Be7
9.d4 Qc7 10.d5 Na5 11.b4 cxb4 12.cxb4 Nc4 13.Nbd2 Nxd2 14.Bxd2 Bb5 15.Qb3 O-O
16.Nh2 Rfc8 17.Rec1 Qd7 18.Qf3 Bd8 19.Ng4 Nxg4 20.Qxg4 Qxg4 21.hxg4 Bb6 22.Rxc8+ Rxc8
23.Rc1 Rxc1 24.Bxc1 Bd4 25.Bxb5 axb5 26.Bd2 Kf8 27.Kf1 Ke7 28.Ke2 Kf6 29.Kf3 Kg6
30.Kg3 Kf6 31.Be1 Ba7 32.Bd2 Bb6 33.Be1 Kg6 34.Bd2 h6 35.Bc1 Kf6 36.Bd2 Bd4
37.Be1 Bb2 38.Bd2 Bd4 39.Be1 Kg6 40.Bd2 Bb6 41.Bc1 Bd4  1/2-1/2

[Event "13th ECC w"]
[Site "Kallithea GRE"]
[Date "2008.10.23"]
[Round "7"]
[White "Fakhretdinova,M"]
[Black "Kosintseva,T"]
[Result "0-1"]
[WhiteElo "2147"]
[BlackElo "2513"]

1.e4 c5 2.Nf3 d6 3.Bb5+ Nc6 4.Bxc6+ bxc6 5.O-O e5 6.h3 Be7 7.Re1 f5 8.d3 Nf6
9.Nbd2 O-O 10.c3 Kh8 11.d4 cxd4 12.cxd4 Nxe4 13.dxe5 d5 14.Nd4 Qe8 15.f3 Ng3
16.N2b3 c5 17.Ne2 Nxe2+ 18.Rxe2 d4 19.Rc2 Qb5 20.Bf4 d3 21.Rc3 c4 22.Nd2 Be6
23.b3 Qc5+ 24.Kh1 Qd4 25.Rac1 Qxf4 26.Nxc4 Rad8 27.Rxd3 Rxd3 28.Qxd3 Qxc1+  0-1

[Event "24th ECC"]
[Site "Kallithea GRE"]
[Date "2008.10.23"]
[Round "7"]
[White "Coenen,N"]
[Black "Goes,S"]
[Result "1-0"]
[WhiteElo "2357"]
[BlackElo "2143"]

1.e4 c5 2.Nf3 d6 3.Bb5+ Nd7 4.O-O Nf6 5.Re1 a6 6.Bf1 b6 7.d4 cxd4 8.Nxd4 Bb7
9.f3 e6 10.c4 Be7 11.Nc3 O-O 12.Kh1 Rc8 13.a4 Qc7 14.a5 Qb8 15.axb6 Nxb6
16.Qb3 Bd8 17.Be3 Nbd7 18.Bg1 Ne5 19.Nc2 Be7 20.Ne3 Qc7 21.Qa4 Nfd7 22.Qd1 Nb6
23.Na4 Nbd7 24.Bf2 Bf6 25.Qd2 Nc5 26.Qc2 h5 27.Red1 Nc6 28.Ra3 Rfd8 29.h3 Be5
30.Qd2 Rb8 31.b4 Nxa4 32.Rxa4 Ne7 33.Nc2 Ng6 34.Be3 Qe7 35.Bg5 f6 36.Be3 d5
37.exd5 exd5 38.c5 Ra8 39.Nd4 Rdc8 40.Bd3 Nf8 41.Qa2 a5 42.c6 Rxc6 43.Nxc6 Bxc6
44.Bc5 Qe6 45.Rxa5 Re8 46.Ra6 Bb8 47.Bg1 Qd7 48.Be4 Rd8 49.Rxc6 Qxc6  1-0

[Event "24th ECC"]
[Site "Kallithea GRE"]
[Date "2008.10.23"]
[Round "7"]
[White "Martin Alvarez,I"]
[Black "Kleijn,C"]
[Result "0-1"]
[WhiteElo "2212"]
[BlackElo "2283"]

1.e4 c5 2.Nf3 d6 3.Bb5+ Bd7 4.Bxd7+ Nxd7 5.O-O Ngf6 6.Re1 e6 7.c3 Be7 8.d4 d5
9.exd5 Nxd5 10.c4 N5b6 11.d5 exd5 12.Bg5 Nf6 13.Bxf6 gxf6 14.Nh4 Qd7 15.Qe2 Qe6
16.Nf5 Kf8 17.Qxe6 fxe6 18.Rxe6 Re8 19.Nc3 d4 20.Nb5 Bd8 21.Rxe8+ Kxe8 22.Nbd6+ Kd7
23.Nxb7 Ke6 24.g4 Nxc4 25.Nxc5+ Kd5 26.Nb3 d3 27.Rd1 Ne5 28.Nc1 Nxg4 29.Rxd3+ Ke5
30.Nd6 Ke6 31.Ne2 Rg8 32.Nf4+ Ke5 33.Nf7+ Kxf4 34.Rxd8 Rg7 35.Rd4+ Kf3 36.Rd3+ Ne3+
37.Kh1 Kxf2 38.Rd2+  0-1

[Event "WYCC Girls U16"]
[Site "Vung Tau City VIE"]
[Date "2008.10.23"]
[Round "5"]
[White "Parmar,A"]
[Black "Abylkassymova,R"]
[Result "0-1"]
[WhiteElo "1974"]
[BlackElo "1834"]

1.e4 c5 2.Nf3 d6 3.Bb5+ Bd7 4.Bxd7+ Nxd7 5.O-O Ngf6 6.Qe2 Rc8 7.b3 g6 8.Bb2 Bg7
9.c4 O-O 10.d4 cxd4 11.Nxd4 a6 12.Nd2 Qc7 13.Kh1 Rfe8 14.N4f3 Qa5 15.a4 Qh5
16.Rfe1 Nc5 17.b4 Ne6 18.Rab1 Ng4 19.Bxg7 Nf4 20.Qf1 Kxg7 21.Rb3 a5 22.bxa5 Qxa5
23.h3 Ne5 24.Nxe5 dxe5 25.Rd1 Red8 26.Qe1 Qxa4 27.Rxb7 Nd3 28.Ra1 Qc6 29.Qb1 Nxf2+
30.Kg1 Rxd2 31.Qb4 Nxe4 32.Qxe7 Qc5+ 33.Qxc5 Rxc5 34.Rc1 Nd6 35.Re7 e4  0-1

[Event "WYCC Boys U18"]
[Site "Vung Tau City VIE"]
[Date "2008.10.23"]
[Round "5"]
[White "Mustafaev,J"]
[Black "Le Quang Liem"]
[Result "1/2-1/2"]
[WhiteElo "2393"]
[BlackElo "2583"]

1.e4 c5 2.Nf3 d6 3.Bb5+ Bd7 4.Bxd7+ Qxd7 5.c4 Nf6 6.Nc3 g6 7.d4 cxd4 8.Nxd4 Bg7
9.f3 O-O 10.Be3 Nc6 11.O-O Rac8 12.b3 Rfd8 13.Qd2 e6 14.Rad1 d5 15.cxd5 exd5
16.Nxc6 bxc6 17.exd5 Nxd5 18.Nxd5 cxd5 19.Bd4 Bxd4+ 20.Qxd4 Rc2 21.Rf2 Qc7
22.Rxc2 Qxc2 23.Qd2 Qc7 24.Qd4 Qa5 25.Rd2 h5 26.h4 Qa6 27.Kf2 Qd6 28.b4 Re8
29.a3 Qe7 30.Kg3 Rd8 31.Kf2 Re8 32.Kg3 Qe1+ 33.Kh2 Rc8 34.Rd1 Qe7 35.Kg1 Rc2
36.Rf1 Rc4 37.Qf2 a6 38.Rd1 Qe5 39.Qe1 Qd6 40.Qe8+ Kg7 41.Re1 Qb6+ 42.Qe3 d4
43.Qe5+ Kg8 44.Qe8+ Kg7 45.Qe5+ Kh7 46.Qd5 d3+ 47.Kf1 Qc7 48.Qxd3 Rxh4 49.Kf2 Rc4
50.Re4 Rc2+ 51.Re2 Rc3 52.Qd4 Rc4 53.Qe5 Qb6+ 54.Qe3 Qf6 55.Qe7 Qd4+ 56.Re3 Qf4
57.Re2 Rc3 58.Qe4 Qf6 59.Qe7 Qf4 60.Qe4 Qc7 61.Qe7 Qb6+ 62.Kg3 Rc7 63.Qd8 Qc6
64.Re8 Rd7 65.Rh8+ Kg7 66.Rg8+ Kh7  1/2-1/2

[Event "III It"]
[Site "Zaragoza ESP"]
[Date "2008.10.24"]
[Round "7"]
[White "Ramiro Ovejero,J"]
[Black "Rizouk,A"]
[Result "1/2-1/2"]
[WhiteElo "2380"]
[BlackElo "2507"]

1.e4 c5 2.Nf3 d6 3.Bb5+ Nd7 4.O-O Nf6 5.Re1 a6 6.Bf1 e5 7.c3 Be7 8.d4 O-O
9.Nbd2 b5 10.a4 Rb8 11.axb5 axb5 12.d5 c4 13.b3 cxb3 14.Nxb3 Qc7 15.Ba3 Nc5
16.Bxc5 dxc5 17.c4 b4 18.Qc2 Bd6 19.Ra5 Bb7 20.Rea1 Ra8 21.Ne1 Rxa5 22.Rxa5 Ra8
23.Rxa8+ Bxa8 24.Qa2 Bb7 25.f3 Nd7 26.Nd3 g6 27.g3 Nb6 28.Qa5 Nxc4 29.Qxc7 Bxc7
30.Ndxc5 Nd6 31.Nd3 f5 32.Bg2 Ba6 33.Nxb4 Bb6+ 34.Kh1 Be2 35.Nc6 fxe4 36.fxe4 Nc4
37.Nc1 Bd1 38.Nd3 Bc7 39.Ne1 Kg7 40.Bf3 Ba4 41.Nd3 Bd6 42.Kg2 Kf6 43.h4 Bc2
44.Nf2 Ne3+ 45.Kh3 h5 46.g4 hxg4+ 47.Nxg4+ Nxg4 48.Kxg4 Ba4 49.Na5 Bd7+ 50.Kg3 Bb4
51.Nc4 Be1+ 52.Kg2 Bxh4 53.Nb6 Be8 54.Bd1 Ke7 55.Kf3 Kd6 56.Be2 Kc5  1/2-1/2

[Event "Magistral Endesa GM"]
[Site "Endesa CHI"]
[Date "2008.10.25"]
[Round "3"]
[White "Ricardi,P"]
[Black "Valenzuela Fuentealba,L"]
[Result "1/2-1/2"]
[WhiteElo "2505"]
[BlackElo "2434"]

1.e4 c5 2.Nf3 d6 3.Bb5+ Bd7 4.Bxd7+ Qxd7 5.O-O Nc6 6.c3 Nf6 7.d4 Nxe4 8.d5 Ne5
9.Nxe5 dxe5 10.Re1 Nd6 11.Rxe5 g6 12.Re1 Bg7 13.Be3 b6 14.Bg5 Nf5 15.Qf3 O-O
16.Na3 b5 17.Rad1 Rfe8 18.d6 exd6 19.g4 h6 20.gxf5  1/2-1/2

[Event "Magistral Endesa GM"]
[Site "Endesa CHI"]
[Date "2008.10.25"]
[Round "4"]
[White "Ricardi,P"]
[Black "Valdes Escobar,A"]
[Result "1-0"]
[WhiteElo "2505"]
[BlackElo "2305"]

1.e4 c5 2.Nf3 d6 3.Bb5+ Bd7 4.Bxd7+ Qxd7 5.O-O Nc6 6.c3 Nf6 7.d4 Nxe4 8.d5 Nd8
9.Re1 Nf6 10.Bg5 Ng8 11.b4 b6 12.a4 g6 13.Nbd2 Bg7 14.Ne4 Kf8 15.a5 Rc8 16.axb6 axb6
17.Ra6 h6 18.Bh4 f5 19.Nxd6 exd6 20.bxc5 bxc5 21.Bg3 Nf7 22.Nh4 Bxc3 23.Re6 Ne7
24.Rexd6 Nxd6 25.Bxd6 Qxd6 26.Rxd6 Ra8 27.Rb6 Ra1 28.Rb1 Rxb1 29.Qxb1 Kg7
30.d6  1-0

[Event "Guernsey Open"]
[Site "Guernsey GCI"]
[Date "2008.10.25"]
[Round "7"]
[White "Wismayer,C"]
[Black "De Kruif,K"]
[Result "0-1"]
[WhiteElo "2111"]
[BlackElo "2038"]

1.e4 c5 2.Nf3 d6 3.Bb5+ Bd7 4.Bxd7+ Nxd7 5.O-O Ngf6 6.Qe2 e6 7.d4 cxd4 8.Nxd4 Be7
9.c4 a6 10.Nc3 O-O 11.b3 Qa5 12.Bb2 Rad8 13.Rad1 Rfe8 14.Kh1 Bf8 15.f4 d5
16.e5 Ne4 17.Nxe4 dxe4 18.Qxe4 Qxa2 19.Qc2 Qa5 20.Nf3 Nb8 21.Ng5 g6 22.Ne4 Rxd1
23.Rxd1 Rd8 24.Bc3 Rxd1+ 25.Qxd1 Qa3 26.Nf6+ Kg7 27.h3 Nc6 28.Ne8+ Kg8 29.Nd6 b6
30.Ne4 a5 31.f5 gxf5 32.Nf6+ Kh8 33.g4 Ne7 34.Kg2 a4 35.Qd6 Ng6 36.Nh5 Qxb3
37.gxf5 Qc2+  0-1

[Event "XIII IBCA ol"]
[Site "Heraklion GRE"]
[Date "2008.10.25"]
[Round "6"]
[White "Suder,R"]
[Black "Smirnov,Sergei1"]
[Result "1/2-1/2"]
[WhiteElo "2174"]
[BlackElo "2301"]

1.e4 c5 2.Nf3 d6 3.Bb5+ Bd7 4.Bxd7+ Qxd7 5.O-O Nc6 6.c4 g6 7.d4 cxd4 8.Nxd4 Bg7
9.Be3 Nf6 10.f3 O-O 11.Nc3 Rfc8 12.Qd2 Nxd4 13.Bxd4 Rxc4 14.Qd3 Rcc8 15.Qe3 b5
16.Rad1 b4 17.Nd5 Nxd5 18.exd5 a5 19.Rf2 Rc4 20.Bxg7 Kxg7 21.b3 Rc3 22.Qd4+ Kg8
23.h4 Qa7 24.Qxa7 Rxa7 25.Re2 Rac7 26.Kf2 Rc2 27.Rdd2 Rxd2 28.Rxd2 Rc3 29.Re2 Kf8
30.Rd2 h5 31.Kg3 Kg7 32.Kf4 Kf6 33.Ke4 Rc1 34.Kf4 Rh1 35.g3 Re1 36.g4 hxg4
37.fxg4 g5+ 38.hxg5+ Kg6 39.Rf2 Re5 40.Rd2 Rxg5 41.Re2 Re5 42.Rd2 Kf6 43.Kg3 Kg5
44.Kf3 Re1 45.Rc2 Rf1+ 46.Ke2 Rg1 47.Rc7 Rxg4 48.Rxe7 Kf6 49.Ra7 Rg2+ 50.Kd3 Rxa2
51.Kc4 Rc2+ 52.Kb5 Rc5+ 53.Ka4 Ke5 54.Rxf7 Kxd5 55.Rf5+ Kd4 56.Rd5+ Kc3 57.Rxd6 Kb2
58.Rd5  1/2-1/2

[Event "LiraH Autumn"]
[Site "Lichtenrade GER"]
[Date "2008.10.25"]
[Round "8"]
[White "Maahs,E"]
[Black "Lueders,Ge"]
[Result "1-0"]
[WhiteElo "2151"]
[BlackElo "2219"]

1.e4 c5 2.Nf3 d6 3.Bb5+ Bd7 4.Bxd7+ Qxd7 5.c4 e5 6.Nc3 Nc6 7.O-O Nge7 8.a3 g6
9.Nd5 Nxd5 10.cxd5 Nd4 11.b4 b6 12.bxc5 bxc5 13.Nxd4 exd4 14.f4 Bg7 15.d3 O-O
16.f5 f6 17.a4 g5 18.h4 h6 19.Rb1 Rab8 20.Rxb8 Rxb8 21.hxg5 hxg5 22.Bd2 Rb2
23.Kh2 Qe8 24.Be1 Bf8 25.Rf2 Rb7 26.Rf3 Qh5+ 27.Kg1 Bh6 28.Bd2 Rb2 29.Rf1 Qe8
30.Rf2 Bf8 31.Be1 Rb7 32.a5 a6 33.Qg4 Qb5 34.Rd2 Qxa5 35.Qh5 Rg7 36.Qe8 Re7
37.Qc6 Qb5 38.Qxd6 Rxe4 39.Qg3 Re3 40.Qf2 Bd6 41.Qf1 Bf4 42.Rd1 Qd7 43.Bf2 Qxf5
44.Bxe3 Bxe3+ 45.Kh2 Qh7+ 46.Kg3 Qh4+ 47.Kf3 Qh5+ 48.g4 Qf7 49.Ke2 Qxd5 50.Qf3 Qa2+
51.Kf1 Qh2 52.Qg2 Qf4+ 53.Ke1 Kg7 54.Rb1 Kg6 55.Rb7 c4 56.Kd1 cxd3 57.Qh3 f5
58.Qh7+ Kf6 59.Qe7+  1-0

[Event "Masters"]
[Site "Can Picafort ESP"]
[Date "2008.10.26"]
[Round "10"]
[White "Galego,L"]
[Black "Pena Gomez,M"]
[Result "1/2-1/2"]
[WhiteElo "2484"]
[BlackElo "2467"]

1.e4 c5 2.Nf3 d6 3.Bb5+ Bd7 4.Bxd7+ Qxd7 5.O-O Nc6 6.d4 cxd4 7.Nxd4 Nf6 8.Nc3 g6
9.Nxc6 Qxc6 10.Nd5 Bg7 11.Bg5 Nxd5 12.exd5 Qb5 13.Re1 O-O 14.Bxe7 Rfe8 15.Rb1 Be5
16.Bg5 Qa5 17.c3  1/2-1/2

[Event "WYCC Girls U16"]
[Site "Vung Tau City VIE"]
[Date "2008.10.26"]
[Round "7"]
[White "Parmar,A"]
[Black "De Oliveira,An"]
[Result "1-0"]
[WhiteElo "1974"]
[BlackElo "1799"]

1.e4 c5 2.Nf3 d6 3.Bb5+ Bd7 4.Bxd7+ Qxd7 5.c4 Nc6 6.d4 cxd4 7.Nxd4 g6 8.Nc3 Bg7
9.Nde2 Nf6 10.O-O Na5 11.Qd3 O-O 12.f3 Rac8 13.b3 Nc6 14.Be3 b6 15.Rab1 Ne8
16.Qd2 Nc7 17.Bh6 Ne6 18.Bxg7 Kxg7 19.f4 Rfd8 20.f5 Nc7 21.Rf3 f6 22.h4 Rg8
23.Rg3 Ne5 24.Nd4 Nf7 25.Nd5 Kh8 26.fxg6 Rxg6 27.Rxg6 hxg6 28.Qf4 Kg7 29.Rf1 Ne6
30.Qg4 Nfd8 31.Nxe7 Qe8 32.Ndf5+ Kh7 33.Nxc8 gxf5 34.Qxf5+ Kg8 35.Nxd6 Qc6
36.Qg6+ Ng7 37.Qxf6 Nde6 38.Nf5 Qc7 39.Ne7+ Kh7 40.Qg6+ Kh8  1-0

[Event "WYCC Boys U16"]
[Site "Vung Tau City VIE"]
[Date "2008.10.26"]
[Round "7"]
[White "Ong,Wah"]
[Black "Koohestani,S"]
[Result "0-1"]
[WhiteElo "1766"]
[BlackElo "2146"]

1.e4 c5 2.Nf3 d6 3.Bb5+ Bd7 4.Bxd7+ Qxd7 5.c4 Nc6 6.d4 cxd4 7.Nxd4 g6 8.Nc3 Bg7
9.Be3 Nf6 10.f3 Rc8 11.b3 O-O 12.O-O Ne5 13.Qd2 Rfd8 14.Rfd1 a6 15.a4 Qc7
16.Rac1 e6 17.h3 b6 18.f4 Ned7 19.f5 Nc5 20.Qc2 Re8 21.fxe6 fxe6 22.Nf3 Qc6
23.e5 dxe5 24.Nxe5 Qc7 25.Nf3 Nh5 26.b4 Nd7 27.Ne4 Ne5 28.Nxe5 Bxe5 29.c5 Bh2+
30.Kh1 Bf4 31.Bxf4 Qxf4 32.Qc4 Qxe4 33.Rd4 Qe5 34.Kg1 Ng3 35.Rc2 Qe1+ 36.Kh2 Nf1+  0-1

[Event "Vasylyshyn Mem"]
[Site "Lviv UKR"]
[Date "2008.10.27"]
[Round "9"]
[White "Geller,J"]
[Black "Zherebukh,Y"]
[Result "1/2-1/2"]
[WhiteElo "2511"]
[BlackElo "2473"]

1.e4 c5 2.Nf3 d6 3.Bb5+ Nd7 4.d4 cxd4 5.Qxd4 e5 6.Qd3 Be7 7.O-O Nf6 8.Bg5 O-O
9.Bxf6 Nxf6 10.Nc3 a6 11.Bc4 b5 12.Bb3 Bb7 13.Nd5 Nd7 14.Rfd1 Nc5 15.Nxe7+ Qxe7
16.Qxd6 Qxd6 17.Rxd6 Bxe4 18.Nxe5 Nxb3 19.cxb3 Rfc8 20.f3 Bg6 21.Rad1 f6
22.Nc6 Rc7 23.Kf2 Be8 24.Nd4 b4 25.Ne6 Rcc8 26.R1d4 a5 27.Ke3 Rc2 28.Rd2 Rc1
29.Rd1 Rc2 30.R6d2 Rc6 31.Nd4 Rca6 32.Rc1 Rd6 33.Rc7 Bd7 34.Rcc2 Re8+ 35.Kf2 Rd8
36.Ne2 Bf5 37.Rxd6 Rxd6 38.Rc5 Bb1 39.Ke3 Rd3+ 40.Kf2 Rd2 41.Rxa5 Rxb2 42.Ra8+ Kf7
43.Ra7+ Kf8 44.Ra8+ Kf7 45.Ra7+ Kg6 46.Ke1 Bxa2 47.Ra4 Rb1+ 48.Kf2 Rb2 49.Rxb4 Rxb3
50.Nf4+ Kh6 51.Ra4 Rb2+ 52.Kg3 g5 53.Nd3 Rd2 54.Nc5 Bb1 55.h4 Bf5 56.hxg5+ fxg5
57.Nb3 Rd6 58.Nd4 Bd7 59.Rb4  1/2-1/2

[Event "WYCC Girls U18"]
[Site "Vung Tau City VIE"]
[Date "2008.10.27"]
[Round "8"]
[White "Palkova,K"]
[Black "Bakhtiyarly,A"]
[Result "0-1"]
[WhiteElo "2057"]
[BlackElo "1988"]

1.e4 c5 2.Nf3 d6 3.Bb5+ Nd7 4.O-O a6 5.Bxd7+ Bxd7 6.Re1 e5 7.c3 Qc7 8.d4 Ne7
9.Nbd2 b5 10.Nf1 Bc6 11.Ng3 g6 12.Be3 c4 13.dxe5 dxe5 14.Nxe5 Rd8 15.Bd4 Bg7
16.Nxc6 Nxc6 17.e5 O-O 18.f4 f6 19.Qg4 Nxd4 20.cxd4 Rxd4 21.exf6 Bxf6 22.Qe6+ Kh8
23.Qxa6 Qc5 24.Kh1 Rxf4 25.Ne4 Qb4 26.g3 Rf5 27.g4 Rf4 28.Qe6 Bxb2 29.Rab1 Qa3
30.Ng5 Qa8+ 31.Ne4 Re8  0-1

[Event "SenWM"]
[Site "Bad Zwischenahn GER"]
[Date "2008.10.28"]
[Round "1"]
[White "Gudat,A"]
[Black "Kuindzhy,A"]
[Result "0-1"]
[WhiteElo "2046"]
[BlackElo "2395"]

1.e4 c5 2.Nf3 d6 3.Bb5+ Nd7 4.O-O Nf6 5.Re1 g6 6.c3 Bg7 7.d4 a6 8.Bf1 O-O
9.a4 b6 10.d5 Ne8 11.Bg5 h6 12.Bh4 Ne5 13.Nbd2 Qc7 14.Nxe5 dxe5 15.f3 Rb8
16.b4 Nd6 17.Bf2 e6 18.Rc1 exd5 19.exd5 c4 20.Ne4 Rd8 21.Qe2 b5 22.a5 f5
23.Nxd6 Rxd6 24.Bb6 Qf7 25.Red1 Rxd5 26.Rxd5 Qxd5 27.Rd1  0-1

[Event "Grand Prix CCAS"]
[Site "Cap D'Agde FRA"]
[Date "2008.10.28"]
[Round "5"]
[White "Trent,L"]
[Black "Saatdjian,T"]
[Result "1-0"]
[WhiteElo "2470"]
[BlackElo "2284"]

1.e4 c5 2.Nf3 d6 3.Bb5+ Bd7 4.Bxd7+ Qxd7 5.O-O Nf6 6.Re1 Nc6 7.c3 e6 8.d4 cxd4
9.cxd4 d5 10.e5 Ng8 11.Nc3 Bb4 12.Bd2 Bxc3 13.Bxc3 Nge7 14.Qd3 h6 15.b4 Nc8
16.b5 N6e7 17.Nd2 Nb6 18.Bb4 O-O 19.Rec1 Rfc8 20.a4 Ng6 21.Rc5 a6 22.bxa6 Rxa6
23.a5 Rxc5 24.Bxc5 Nc8 25.Nb3 Na7 26.Bb6 Qc6 27.Rc1 Nf4 28.Rxc6 Nxd3 29.Rc3 Nb4
30.Nc5 Nac6 31.Nxa6 Nxa6 32.g4 f6 33.exf6 gxf6 34.f4 Kf7 35.Kg2 Nab8 36.Bc7 Na6
37.Bb6 Nab8 38.Rh3 Kg6 39.f5+ exf5 40.gxf5+ Kxf5 41.Rxh6 Nd7 42.Rh7  1-0

[Event "Open A"]
[Site "Le Touquet FRA"]
[Date "2008.10.28"]
[Round "4"]
[White "Cappon,J"]
[Black "Bernard,Ch"]
[Result "1/2-1/2"]
[WhiteElo "2222"]
[BlackElo "2364"]

1.e4 c5 2.Nf3 d6 3.Bb5+ Bd7 4.Bxd7+ Qxd7 5.O-O Nc6 6.c3 Nf6 7.d4 cxd4 8.cxd4 d5
9.e5 Ne4 10.Ne1 h6 11.f3 Ng5 12.Be3 e6 13.Nd3 Be7 14.Nd2 O-O 15.Nf4 Rac8
16.Rc1 Rc7 17.Nb3 b6 18.Nh5 Nh7 19.Qe1 Kh8 20.Qg3 Rg8 21.a3 a5 22.Nd2 g6
23.Nf4 Rgc8 24.Nd3 h5 25.Qf2 Kg8 26.g4 hxg4 27.fxg4 Bg5 28.h4 Bxe3 29.Qxe3  1/2-1/2

[Event "Open A"]
[Site "Le Touquet FRA"]
[Date "2008.10.28"]
[Round "4"]
[White "Michiels,R"]
[Black "Neelotpal,D"]
[Result "1/2-1/2"]
[WhiteElo "2262"]
[BlackElo "2477"]

1.e4 c5 2.Nf3 d6 3.Bb5+ Nd7 4.d4 Nf6 5.Nc3 cxd4 6.Qxd4 e5 7.Qd3 h6 8.Be3 a6
9.Bxd7+ Bxd7 10.a4 Rc8 11.a5 Qc7 12.O-O Be7 13.Nd2 Be6 14.Rfd1 Qc6 15.Ra4 d5
16.exd5 Bxd5 17.Qf5 Qe6 18.Qxe6 Bxe6 19.Nf3 Nd7 20.Re1 f6 21.Nh4 Kf7 22.g4 Nc5
23.Bxc5 Bxc5 24.Nf5 Bd7 25.Raa1 Bxf5 26.gxf5 Bb4 27.Red1 Rhd8 28.Nd5 Be7
29.c3 Rc5 30.Ne3 Ke8 31.Kf1 Rxd1+ 32.Nxd1 Bd8 33.b4 Rc4 34.Rc1 Rh4 35.Kg2 Rg4+
36.Kf1 Rh4 37.Kg2 Rg4+ 38.Kf1 Rh4 39.Kg2  1/2-1/2

[Event "WYCC Boys U14"]
[Site "Vung Tau City VIE"]
[Date "2008.10.28"]
[Round "9"]
[White "Emiroglu,C"]
[Black "Moussard,J"]
[Result "0-1"]
[WhiteElo "2101"]
[BlackElo "2293"]

1.e4 c5 2.Nf3 d6 3.Bb5+ Nc6 4.O-O Bd7 5.Re1 a6 6.Bf1 Bg4 7.c3 Nf6 8.d3 g6
9.Nbd2 Bg7 10.h3 Bxf3 11.Nxf3 O-O 12.d4 cxd4 13.cxd4 Rc8 14.Bd2 Qb6 15.d5 Nd4
16.Nxd4 Qxd4 17.Bc3 Qxd1 18.Raxd1 Nd7 19.Bxg7 Kxg7 20.Rc1 g5 21.Be2 Kf6 22.Bg4 e6
23.g3 Ne5 24.Be2 Rg8 25.b3 Ke7 26.Kh2 Kd7 27.Rf1 Rxc1 28.Rxc1 exd5 29.exd5 f5
30.Kg2 Re8 31.Rc2 Re7 32.b4 Kd8 33.a4 Ng6 34.Bf3 Re5 35.Re2 Ne7 36.Rd2 Re1
37.a5 Rb1 38.Rd4 Ng6 39.Be2 Re1 40.Bd3 Re5 41.Kf1 Ne7 42.Bc4 h5 43.Bb3 Ng8
44.Bc4 Nf6 45.Kg2 Ke7 46.Rd3 Re4 47.Re3 Rxe3 48.fxe3 g4 49.h4 Ne4 50.b5 axb5
51.Bxb5 Nc3 52.Bc4 Kf6 53.Kf2 Ke5 54.a6 bxa6 55.Bxa6 Ke4 56.Be2 Nxe2 57.Kxe2 Kxd5
58.Kf2 Ke4 59.Ke2 d5 60.Kf2 Kd3 61.Kf1 Kxe3 62.Ke1 Kf3  0-1

[Event "WYCC Boys U18"]
[Site "Vung Tau City VIE"]
[Date "2008.10.28"]
[Round "9"]
[White "Pereira,Rub"]
[Black "Shankland,S"]
[Result "1/2-1/2"]
[WhiteElo "2437"]
[BlackElo "2436"]

1.e4 c5 2.Nf3 d6 3.Bb5+ Bd7 4.Bxd7+ Qxd7 5.O-O Nc6 6.c3 Nf6 7.Qe2 e6 8.d4 cxd4
9.cxd4 d5 10.e5 Ne4 11.Be3 Be7 12.Ne1 f6 13.f3 Ng5 14.exf6 Bxf6 15.Nc3 O-O
16.Rd1 Nf7 17.f4 Nd6 18.Nf3 Qf7 19.Ne5 Bxe5 20.dxe5 Nf5 21.Bc5 Rfd8 22.g4 d4
23.gxf5 dxc3 24.fxe6 Qg6+ 25.Qg2 Rxd1 26.Rxd1 cxb2 27.Qxg6 hxg6 28.Rb1 g5
29.fxg5 Nxe5 30.Rxb2 b6 31.Re2 Nf3+ 32.Kg2 Nxg5 33.Be7 Nh7 34.Kg3 Re8 35.Ba3 Nf8
36.Bxf8 Kxf8 37.Kf4 Ke7 38.Kf5 Rh8 39.Kg6 b5 40.Kxg7 Rh3 41.Kg6 a5 42.Kg5 b4
43.Kg4  1/2-1/2

[Event "Grand Prix CCAS"]
[Site "Cap D'Agde FRA"]
[Date "2008.10.29"]
[Round "6"]
[White "Mullon,J"]
[Black "Trent,L"]
[Result "0-1"]
[WhiteElo "2354"]
[BlackElo "2470"]

1.e4 c5 2.Nf3 d6 3.Bb5+ Bd7 4.Bxd7+ Qxd7 5.O-O Nf6 6.e5 dxe5 7.Nxe5 Qd6 8.Nc4 Qd8
9.b3 e6 10.Bb2 Nc6 11.Qf3 Be7 12.Ne5 Rc8 13.Rd1 O-O 14.Nxc6 Rxc6 15.Na3 Qd5
16.Qc3 Nh5 17.Qe3 Bg5 18.c4 Qf5 19.Qe5 Qg6 20.d4 Nf4 21.g3 f6 22.Qe1 Nd3
23.Qe2 Nxb2 24.Qxb2 f5 25.d5 Ra6 26.Nb5 Bf6 27.Nc3 f4 28.d6 Rd8 29.d7 Bd4
30.Rac1 fxg3 31.hxg3 Qxg3+ 32.Kf1 Qh3+ 33.Ke2 Qg4+ 34.Kf1 Rxd7 35.Qe2 Qh3+
36.Ke1 Bxc3+  0-1